| 000 | 00747nam a2200205Ia 4500 | ||
|---|---|---|---|
| 999 |
_c40091 _d40091 |
||
| 001 | 6697 | ||
| 003 | GE_BSU | ||
| 005 | 20200108121838.0 | ||
| 008 | 181216s1979||||ge |||||||||||||| ||geo|| | ||
| 040 | _cGE_BSU | ||
| 041 | _ageo | ||
| 080 | _a821.353.1-1 გ-44 | ||
| 100 |
_aგვიშიანი, დოდო. _96005 |
||
| 245 |
_aოცნება ოქროყანაში : _bლექსები / _cდოდო გვიშიანი ; რედ. ლ. თურმანიძე. |
||
| 264 |
_aთბილისი : _bმერანი, _c1979. |
||
| 300 |
_a41 გვ. : _bფოტო ; _c17 სმ. |
||
| 653 | _aლექსები | ||
| 653 | _aოცნება ოქროყანაში | ||
| 942 |
_cBK _2udc |
||